000 00296nam a22001337a 4500
008 181017b xxu||||| |||| 00| 0 eng d
020 _a9780443040399
041 _aeng
080 _a611.085
100 _a9
101 _aHIS
245 _aExtranodal Lymphomas
_cIsaacson,P.G
942 _2udc
_cBK
999 _c49971
_d49971